Walka obrazów

Titel: Walka obrazów : przedstawienia wobec idei w Wolnym Mieście Gdańsku / Jacek Friedrich
Verfasser:
Veröffentlicht: Gdańsk : Słowo/Obraz Terytoria - Fundacja Terytoria Książki, 2018
Umfang: 383 Seiten : Illustrationen ; 27 cm.
Format: Buch
Sprache: Polnisch
Schlagworte:
ISBN: 837908098X ; 9788379080984
Buchumschlag
X
alg: 43224591
001A    $03019:04-06-18 
001B    $03025:27-10-22 $t14:29:59.000 
001C    $03025:18-06-18 $t14:17:55.000 
001D    $03019:04-06-18 
001U    $0utf8 
001X    $00 
002@    $0Aau 
003@    $043224591X 
004A    $083-7908-098-X 
004A    $A978-83-7908-098-4 
006C    $01038466042 $aOCoLC 
007A    $043224591X $aHEB 
009P    $qapplication/pdf $A2 $3Inhaltsverzeichnis $uhttp://scans.hebis.de/HEBCGI/show.pl?43224591_toc.pdf $mV:DE-576;B:DE-16 
010@    $apol 
011@    $a2018 $n2018 
021A    $aWalka obrazów $dprzedstawienia wobec idei w Wolnym Mieście Gdańsku $hJacek Friedrich 
028A    $BVerfasser $4aut $7139785809 $8Friedrich, Jacek$Z1965- [Tp3] $9218054963 
033A    $pGdańsk $nSłowo/Obraz Terytoria - Fundacja Terytoria Książki 
034D    $a383 Seiten 
034I    $a27 cm. 
034M    $aIllustrationen 
037A    $aBibliografia na stronach 335-368. Indeks 
044K    $#Danzig $#Ville Libre de Danzig $#Dantzig $#Ville Libre de Dantzig $#Freistaat Danzig $#Gdańsk $#Freie Stadt Danzig $#Urząd Miejski w Gdańsku $#Gyddanzyc $#Gedanum $#Dantiscum $74011039-4 $8Danzig [Tg1] $9085022225 
045R    $aGeschichte 1793-1949 

lok: 43224591 66

exp: 43224591 66 1 #EPN
201B/01 $004-06-18 $t10:26:00.000 
201C/01 $004-06-18 
201U/01 $0utf8 
203@/01 $01022979736 
208@/01 $a04-06-18 $bz 
209A/01 $aVk Gda/Fr-4 $du $f000 $x00 
209C/01 $a18/e869 
247C/01 $8618123-5 Darmstadt, Bibliothek des Deutschen Polen-Instituts $9102600902 

lok: 43224591 78

exp: 43224591 78 1 #EPN
201B/01 $018-06-18 $t14:17:55.000 
201C/01 $018-06-18 
201U/01 $0utf8 
203@/01 $01023642441 
208@/01 $a18-06-18 $be 
209A/01 $a/ $f000 $x00 
209A/01 $ab*p $x01 
209A/01 $a*ng $x03 
220C/01 $aeja 
244Z/01 $#Generalgouvernement Polen $#Polska $#Rzeczpospolita Polska $#Polska Rzeczpospolita Ludowa $#Poland $#Pologne $#République Polonaise $#Generalne Gubernatorstwo w Polsce $#Polish People's Republic $#Polska Rzeczpospolita Polen $#PRL $#RP $#Polen Generalgouvernement $#Polska Generalgouvernement $#Besetzte Polnische Gebiete $#Besetztes Gebiet in Polen $#Okupowane Polskie Obszary $#Obszary Okupowane w Polsce $#Volksrepublik Polen $#Polska Rosyjska $#Republic Polen $#Respublika Pol'ša $#Pol'skaja Narodnaja Respublika $#République de Pologne $#Polen Links der Weichsel $#Polska po Lewej Stronie Wisły $#Lenkija $#Polija $#Gubernija Carstva Pol'skago $#Republik Polen $74046496-9 $8--Tg1--Polen $x01 $9085129801 
244Z/01 $#Preußen $#Preußen $#Brandenburg-Preußen $#Königreich Preußen $#Preußische Staaten $#Preußischer Staat $#Der @Preußische Staat $#Königlich Preußische Staaten $#Prusy Królewskie $#Königlich Preußen $#Prussia $74047194-9 $8--Tg1--Preußen $x11 $9085131652 
247C/01 $82080>Marburg/Lahn, Herder-Institut, Forschungsbibliothek, Bibliographieportal $9336309341
LEADER 00000cam a2200000 c 4500
001 43224591X
003 DE-603
005 20221027142959.0
007 tu
008 180604s2018 xx |||| | u00||u|pol c
020 |a 837908098X 
020 |a 9788379080984 
035 |a (DE-599)HEB43224591X 
040 |a DE-603  |b ger  |c DE-603  |d DE-603 
041 |a pol 
100 1 |a Friedrich, Jacek  |d 1965-  |e Verfasser  |4 aut  |0 (DE-603)218054963  |0 (DE-588)139785809  |2 gnd 
245 0 0 |a Walka obrazów  |b przedstawienia wobec idei w Wolnym Mieście Gdańsku  |c Jacek Friedrich 
264 1 |a Gdańsk  |b Słowo/Obraz Terytoria - Fundacja Terytoria Książki  |c 2018 
300 |a 383 Seiten  |b Illustrationen  |c 27 cm. 
500 |a Bibliografia na stronach 335-368. Indeks 
648 7 |a Geschichte 1793-1949  |2 gnd 
651 7 |a Danzig  |0 (DE-588)4011039-4  |0 (DE-603)085022225  |2 gnd 
856 4 2 |m V:DE-576;B:DE-16  |q application/pdf  |u http://scans.hebis.de/HEBCGI/show.pl?43224591_toc.pdf  |3 Inhaltsverzeichnis 
924 0 |9 Ds 123  |a (DE-603)1022979736  |b DE-Ds123  |c HES  |d d  |g Vk Gda/Fr-4 
924 0 |9 2080  |a (DE-603)1023642441  |b DE-2080  |c HES  |d d  |g /